Vấn đề thiếu calci & phương pháp bổ sung Calci : Thiếu calci và bổ sung calci
Gardado en:
| Autor Principal: | |
|---|---|
| Formato: | Libro |
| Idioma: | Undetermined |
| Publicado: |
Hà Nội
Y học
2003
|
| Những chủ đề: | |
| Các nhãn: |
Engadir etiqueta
Sen Etiquetas, Sexa o primeiro en etiquetar este rexistro!
|
| Thư viện lưu trữ: | Trung tâm Học liệu Trường Đại học Cần Thơ |
|---|
| LEADER | 00674nam a2200205Ia 4500 | ||
|---|---|---|---|
| 001 | CTU_96937 | ||
| 008 | 210402s9999 xx 000 0 und d | ||
| 020 | |c 28000 | ||
| 082 | |a 613.286 | ||
| 082 | |b H401 | ||
| 100 | |a Ngô, Thăng Hoa | ||
| 245 | 0 | |a Vấn đề thiếu calci & phương pháp bổ sung Calci : | |
| 245 | 0 | |b Thiếu calci và bổ sung calci | |
| 245 | 0 | |c Ngô Thăng Hoa, Tiền Kiếm Hải ; Nguyễn Kim Dân biên dịch | |
| 260 | |a Hà Nội | ||
| 260 | |b Y học | ||
| 260 | |c 2003 | ||
| 650 | |a Vitamins in human nutrition,Vitamin D | ||
| 904 | |i Minh | ||
| 980 | |a Trung tâm Học liệu Trường Đại học Cần Thơ | ||